000 00494nam a2200193Ia 4500
003 GCL
008 140319s9999 xx 000 0 eng d
040 _aGCL /
_cGCL
082 0 4 _a209
_bD P
100 1 _aDESSI, ROSA MARIA
245 1 0 _aLA PAROLE DU PREDICATEUR /
_cDESSI, ROSA MARIA
700 1 _aLAUWERS, MICHEL
260 _a[S.N] :
_bNICE ،
_c1997
300 _a500 P
650 0 4 _aCHRISTIANITY
650 0 4 _aCHRISTIANITY - HISTORY
650 0 4 _aMISSION - FRANCE
942 _2ddc
_cBK
999 _c16343
_d16343